00693cam a2200217 a 4500001000700000003000400007005000900011008005900020020001500079245009300094260005100187300000700238505004000245650001900285651002700304700003400331040001300365942001200378999002100390952006400411209566OSt201809210000001958 dr 0000000000spa00 a[sin ISBN] aLa jurisprudencia dominicana en la Era de Trujillocrecopilada por Pablo Antonio Machado aRepública Dominicana :bImpresora Dominicana av. av. 1. Años 1939-1958, julio, 1958 aJurisprudencia aRepública Dominicana aMachado, Pablo Antonio, recop aDLCcDLC 2ddccBK c209566d20956610 00102ddc4070a1b1d2018-08-17oRD 348.044 J95d 1958yBK